00449 2200157 4500001002100000005001700021035002500038090002000063100001900083245007400102260002900176300003800205650001800243850001200261990001800273YOGYA00000000003015520150624101346.0 a0010-081400000029873 aK 297.911 Syu K aARIANY SYURFAH aKisah menakjubkan 25 nabi peta sejarah nabi dan rasulcARIANY SYURFAH aDepokbPenebar CIFc2009 aviii, 248 hlm. :bilus. ;b24 cm, aNabi - Cerita aYOPDYOG a47125-PD/B.09